Silicon chemistry /

Bibliographic Details
Corporate Author: International Union of Pure and Applied Chemistry
Other Authors: Corey, E. R. (Eugene R.), Corey, J. Y. (Joyce Y.), Gaspar, P. P. (Peter P)
Format: Book
Language:English
Published: Chichester : New York : Ellis Horwood ; Halsted Press, 1988.
Subjects:

MARC

Tag First Indicator Second Indicator Subfields
LEADER 00000cam a2200000 a 4500
001 in00000026145
005 20151007055825.0
008 880413s1988 enka b 00100 eng d
010 |a gb 88010601  
015 |a GB88-10601 
020 |a 0745805280 :  |c £35.70 
020 |a 0470210818 (Wiley) 
035 |a (OCoLC)17510337 
035 |9 AAB9367AM 
040 |a UKM  |c UKM  |d TXA  |d UtOrBLW 
049 |a TXAM  |c [A11111803] 
050 4 |a QD181.S6  |b S54 1988 
082 0 |a 546/.6836  |2 19 
245 0 0 |a Silicon chemistry /  |c editors, E.R. Corey, J.Y. Corey and P.P. Gaspar. 
264 1 |a Chichester :  |b Ellis Horwood ;  |a New York :  |b Halsted Press,  |c 1988. 
300 |a xi, 565 pages :  |b illustrations 
336 |a text  |b txt  |2 rdacontent 
337 |a unmediated  |b n  |2 rdamedia 
338 |a volume  |b nc  |2 rdacarrier 
500 |a "Published for the International Union of Pure and Applied Chemistry." 
500 |a "Proceedings of the Eighth International Symposium on Organosilicon Chemistry, St. Louis, Missouri USA, June 7-12, 1987." 
504 |a Includes bibliographies and index. 
650 0 |a Silicon  |x Analysis. 
653 |a Silicon compounds  |a Chemical analysis 
700 1 |a Corey, E. R.  |q (Eugene R.) 
700 1 |a Corey, J. Y.  |q (Joyce Y.) 
700 1 |a Gaspar, P. P.  |q (Peter P) 
710 2 |a International Union of Pure and Applied Chemistry. 
999 |a MARS 
999 f f |s 96caa312-3f76-30b4-bf06-130b0257dfe1  |i 52a8e5e9-2695-301d-a826-3bd5f822bafe  |t 0 
952 f f |p ric  |a Texas A&M University  |b Rellis Campus  |c Joint Library Facility  |s JLF  |d Remote Storage  |t 0  |e QD181.S6 S54 1988  |h Library of Congress classification  |i unmediated -- volume  |m A14811111803 
998 f f |a QD181.S6 S54 1988  |t 0  |l Remote Storage